| 000 | 01224 a2200193 4500 | ||
|---|---|---|---|
| 003 | Nust | ||
| 005 | 20221031101804.0 | ||
| 020 | _a8121900085 | ||
| 040 | _cNust | ||
| 082 | _a621.3192,CHA | ||
| 100 |
_aChattopadhyay, D. _9101805 |
||
| 245 |
_aFundamentals of electric circuit theory / _cD. Chattopadhyay and P.C. Rakshit |
||
| 260 |
_aS. Chand _bNew Delhi _cc1987 |
||
| 300 | _a459 p. | ||
| 505 | _aBasic Circuits Elements (Page-1), Complex Numbers in Circuits Analysis (Page-16), Some Important Concepts (Page-32), Resonance (Page-49), Network Analysis (Page-75), Elements of Graph Theory and Network (Page-101), Network Conversions and Networks Theorems (Page-118), Inductively Coupled Circuits (Page-148), Synthesis of Two Terminal Reactive Networks (Page-175), Synthesis of Two Terminal R.L and R.C Networks (Page-192), Two Port Networks (Page-217), Attenuators, Insertions Loss and Equalizers (Page-263), Classical Filters (Page-283), Active Filters (Page-313), Laplace Transformation (Page-328), Fourier Analysis (Page-375), Frequency Domain Description (Page-397), Three Phase Circuits (Page-416), | ||
| 600 |
_aChand S _9101806 |
||
| 650 |
_aFundamentals of electric circuit theory _9101807 |
||
| 942 |
_2ddc _cBK |
||
| 999 |
_c180778 _d180778 |
||